Dunajská Streda

Zobrazenie: Päť čiastkových pohľadov, každý v zelenom orámovaní, všetky spolu v striebornom orámovaní. Dole je medzi pohľadmi vodorovne zeleným písmom názov. Pohľad zhora na budovy mesta ponad ich strechy. Vpravo v popredí sú tri koruny listnatých stromov. V pozadí vidno kostol. Pohľad na budovu Okr...

Full description

Bibliographic Details
Other Authors: Šmátrala, Milan (fotograf) (Photographer), Sláma, Ján (fotograf) (Photographer)
Format: Photo
Language:Slovak
PhysicalDescription:1 pohľadnica (5 čiastkových pohľadov) farebná 15 x 11 cm
Published: Bratislava Pravda 1981
Subjects:

MARC

LEADER 00000nkm a2200000 a 4500
001 vtls012064749
003 SK-MaSNL
005 20260331212400.0
007 kf co
008 210806s1981 xo g kuslo
015 |a SNBG1981 
040 |a SNK  |b slo  |c SNK  |e AACR2 
041 0 |a slo 
043 |a e-xo--- 
044 |a xo  |c SK 
072 7 |a 913  |x Regionálna geografia  |2 konspekt 
080 |a 913(437.6)  |2 2011 
080 |a 721  |2 2011 
080 |a (084.121)  |2 2011 
080 |a 726:27-523.42  |2 2011 
080 |a 347.99  |2 2011 
080 |a 35  |2 2011 
080 |a 640.412  |2 2011 
080 |a 725.1:613.47  |2 2011 
100 1 |a Šmátrala, Milan  |c (fotograf)  |4 pht  |9 164919 
245 1 0 |a Dunajská Streda  |h grafika  |c foto Milan Šmátrala, Jan Sláma 
246 1 |i Názov na obrazovej časti:  |a Dunajská Streda 
260 |a Bratislava  |b Pravda  |c 1981  |e [Bratislava]  |f TZP-B 
300 |a 1 pohľadnica (5 čiastkových pohľadov)  |b farebná  |c 15 x 11 cm 
500 |a Na adresnej časti uvedené: "Dunajská Streda - historický vznik siaha do r. 1282. Od 16. stor. sa stala dôležitým obchodným strediskom Žitného ostrova. V súčasnosti mesto s rozvíjajúcim sa preimyslom, najmä potravinárskym" 
520 8 |a Zobrazenie: Päť čiastkových pohľadov, každý v zelenom orámovaní, všetky spolu v striebornom orámovaní. Dole je medzi pohľadmi vodorovne zeleným písmom názov. Pohľad zhora na budovy mesta ponad ich strechy. Vpravo v popredí sú tri koruny listnatých stromov. V pozadí vidno kostol. Pohľad na budovu Okresného súdu v pozadí za ulicou. Pred ňou je trávnatá plcoha, vľavo sú na nej kríky a listnatý strom. Pohľad na budovu Okresného úradu, vľavo pred ním parkujú tri autá, vpavo je niekoľko chodcov na ulici. Pohľad na Hotel Dunaj, s kaviarňou a reštauráciou. Pred budovou je tuja a vpravo sú na zemi kvetináče s kvetmi, vľavo je trávnik. Vpravo zasahuje do záberu koruna listnatého stromu. Pohľad na veľký bazén plný ľudí. Okolo neho je tiež množsto ľudí, v pozadí sú budovy 
610 1 7 |a Slovensko.  |b Okresný súd Dunajská Streda  |2 SNKKA  |9 168480 
610 1 7 |a Dunajská Streda (Slovensko).  |b Okresný úrad  |2 SNKKA  |9 188185 
650 0 7 |a budovy  |2 SNKPH  |9 1283 
650 0 7 |a kostoly  |2 SNKPH  |9 3023 
650 0 7 |a súdy  |2 SNKPH  |9 4646 
650 0 7 |a úrady a inštitúcie  |2 SNKPH  |9 31014 
650 0 7 |a hotely  |2 SNKPH  |9 18422 
650 0 7 |a bazény  |2 SNKPH  |9 30214 
651 7 |a Dunajská Streda (Slovensko)  |2 SNKPHgeo  |9 17375 
655 7 |a miestne pohľadnice  |2 SNKPH  |9 70510 
700 1 |a Sláma, Ján  |c (fotograf)  |4 pht  |9 283283 
958 |a GC 
958 |a GBN 
958 |a OND 
999 |c 613111  |d 615041 
952 |a SNK  |b SNK  |y PREZ  |7 0  |p 17A1408451  |o snkSP 136129  |0 0  |1 0  |4 0  |d 2021-08-06  |f 1  |l 0  |r 2026-02-23 16:29:27  |w 2026-02-23 
952 |a SNK  |b SNK  |y PREZ  |7 0  |p 17A1409722  |o snkSP 136129 D1  |0 0  |1 0  |4 0  |d 2021-08-06  |l 0  |r 2026-02-23 16:29:27  |w 2026-02-23